000 00837nam a2200265 a 4500
005 20180803164853.0
008 140225b1995 -Us||||| |||| 00| 0 eng d
041 _aeng
044 _axxu
090 _aLB
_b333.95.M33b
100 _aMargules, Christopher Robert
_910617
245 _aGuidelines for using the BioRap methodology and tools
260 _aDickson
_bCSIRO
_c1995
300 _a70 p.
650 _aGuía de campo
_924691
650 _aAreas prioritarias de conservación
_9714
650 _aManejo sostenible
_924692
650 _aBiodiversidad
_992204
650 _aAspectos biofísicos
_924694
650 _aSistemas de información geográfica
_91915
650 _aMétodos de campo
_93855
650 _aEvaluaciones ecológicas rápidas (RAP's)
_910620
700 _aRedhead, T. D.
_910621
942 _cImpreso
_2z
_01
999 _c1067
_d1067